ARRUPE JESUIT UNIVERSITY

CORONAVIRUS -STOP THE SPREAD - CLEAN,DISINFECT,COVER

A history of Mozambique (Record no. 6213)

MARC details
000 -LEADER
fixed length control field 00511nam a2200217Ia 4500
003 - CONTROL NUMBER IDENTIFIER
control field 0100
008 - FIXED-LENGTH DATA ELEMENTS--GENERAL INFORMATION
fixed length control field 130227s9999 xx 000 0 und d
040 ## - CATALOGING SOURCE
Transcribing agency ARRUPELIB
050 ## - LIBRARY OF CONGRESS CALL NUMBER
Classification number DT3341.N48 1995
100 ## - MAIN ENTRY--PERSONAL NAME
Personal name Newitt, Malyn
245 #2 - TITLE STATEMENT
Title A history of Mozambique
260 ## - PUBLICATION, DISTRIBUTION, ETC. (IMPRINT)
Place of publication, distribution, etc London
260 ## - PUBLICATION, DISTRIBUTION, ETC. (IMPRINT)
Name of publisher, distributor, etc Hurst
260 ## - PUBLICATION, DISTRIBUTION, ETC. (IMPRINT)
-- 1995
300 ## - PHYSICAL DESCRIPTION
Extent xxi
300 ## - PHYSICAL DESCRIPTION
Other physical details 679p. 22cm.
650 ## - SUBJECT ADDED ENTRY--TOPICAL TERM
Topical term following geographic name as entry element Black theology
650 ## - SUBJECT ADDED ENTRY--TOPICAL TERM
Location of event Theology - South Africa
650 ## - SUBJECT ADDED ENTRY--TOPICAL TERM
Active dates Blacks - South Africa - Religion
942 ## - ADDED ENTRY ELEMENTS (KOHA)
Source of classification or shelving scheme Library of Congress Classification
Koha issues (borrowed), all copies 3
Holdings
Withdrawn status Lost status Source of classification or shelving scheme Damaged status Not for loan Collection code Home library Current library Shelving location Date acquired Total Checkouts Full call number Barcode Date last seen Date last borrowed Copy number Price effective from Koha item type
    Library of Congress Classification     Main Collection ARRUPE LIBRARY ARRUPE LIBRARY   27/02/2013 10 DT3341.N48 1995 46408591 07/05/2026 15/10/2025 1 27/02/2013 Monograph ( Printed materials)

 

Arrupe Library. PO Box MP320 Mt Pleasant, Harare, Zimbabwe
263 242 745411|librarian@aju.ac.zw